| 000 -LEADER |
| fixed length control field |
00848nam a22001337a 4500 |
| 008 - FIXED-LENGTH DATA ELEMENTS--GENERAL INFORMATION |
| fixed length control field |
250203b ||||| |||| 00| 0 eng d |
| 100 ## - MAIN ENTRY--PERSONAL NAME |
| Personal name |
Gupta, Krishna Kumar |
| 245 ## - TITLE STATEMENT |
| Title |
Kisan credit card for members of cooperative societies in India |
| 260 ## - PUBLICATION, DISTRIBUTION, ETC. (IMPRINT) |
| Place of publication, distribution, etc |
The Cooperator |
| 300 ## - PHYSICAL DESCRIPTION |
| Extent |
61(10), Apr, 2024: p.5-12 |
| 520 ## - SUMMARY, ETC. |
| Summary, etc |
The concept of Ksian credit cards 9KCC) was introduced in the agriculture sector in the year 1998 with the imitative of NABARD. The scheme envisaged issuance of KCC by the banks to the farmers that carried a pre-fixed cre3dit limit based on a farmer’s landholding as per his capacity to purchase agricultural inputs from any supplier or even draw cash amount, as per his instant crop production requirement, from the bank up to his cre3dit limit. – Reproduced |
| 773 ## - HOST ITEM ENTRY |
| Main entry heading |
The Cooperator |
| 942 ## - ADDED ENTRY ELEMENTS (KOHA) |
| Item type |
Articles |